000
00239nam a22001097a 4500
082
_a
670.42 GEN
100
_a
PDF
_9
56879
245
_a
GENERAL ENGINEERING WORKSHOP PRACTICE
260
_a
LONDON
_b
PDF
_c
1959
300
_a
585P
942
_c
BK
999
_c
569337
_d
569337